On This Day: February 22nd II Quiz Stats

 Plays Quiz Updated Feb 22, 2018

Score 0/7 Timer 03:00
0 Plays Today
Question Answer Wrong Answers
The Adams–Onís Treaty is signed, and this country cedes Florida to the United States.
1819
Spain
87.8%
United Kingdom
1.7%
France
6.8%
Portugal
3.6%
This American actress, known for her roles in films such as ‘The Wedding Singer’ and ‘Charlie’s Angels’, is born.
1975
Drew Barrymore
67.5%
Cameron Diaz
24.5%
Jennifer Aniston
2.2%
Reese Witherspoon
4.1%
Sophie Scholl, Hans Scholl, and Christoph Probst, members of this nonviolent, intellectual resistance group in Nazi Germany, are executed.
1943
The White Rose
64.4%
The Yellow Daisy
6.7%
The Pink Orchid
18.7%
The Purple Tulip
8.8%
The United States ______ Party opens its first convention in Pittsburgh in order to create a national organization.
1856
Republican
58.5%
Democratic
26.1%
Communist
4.6%
Whig
9.9%
By a vote of 328–0, President Viktor Yanukovych of ______ is impeached by the Verkhovna Rada, fulfilling a major goal of the Euromaidan Revolution.
2014
Ukraine
55%
Romania
14.5%
Georgia
15.7%
Armenia
12.7%
Egypt and ______ join to form the short-lived United Arab Republic.
1958
Syria
51.9%
Sudan
9.7%
Libya
32.6%
Iraq
4.3%
This US President becomes the first President to deliver a public radio address from the White House.
1924
Calvin Coolidge
38%
Warren G. Harding
12.6%
Herbert Hoover
20.7%
Woodrow Wilson
27.5%

You're not logged in!

Compare scores with friends on all Sporcle quizzes.
OR
Log In

Sporcle TV

Today on Sporcle TV


Watch our educational content, quiz creation guides, and fun videos on Sporcle TV.

Show Comments

Extras

Top Quizzes Today


Score Distribution

Your Account Isn't Verified!

In order to create a playlist on Sporcle, you need to verify the email address you used during registration. Go to your Sporcle Settings to finish the process.

Report this User

Report this user for behavior that violates our Community Guidelines.

Details: